[Event "Fuerstenfeld U18 op 6th"]
[Site "Fuerstenfeld"]
[Date "2023.07.23"]
[Round "6"]
[White "Brunner, Josephina Akiko"]
[Black "Kryvosheiev, Nikita"]
[Result "1/2-1/2"]
[WhiteElo "1407"]
[BlackElo "1040"]
[PlyCount "103"]
[EventDate "2023.07.20"]
[EventType "swiss"]
[EventRounds "7"]
[EventCountry "AUT"]
[SourceTitle "CBM 215 Extra"]
[Source "ChessBase"]
[SourceDate "2023.09.30"]
[SourceVersion "1"]
[SourceVersionDate "2023.09.30"]
[SourceQuality "1"]

1. e4 c5 2. c3 Nf6 3. e5 Ng8 4. d4 Nc6 5. Nf3 cxd4 6. cxd4 d6 7. exd6 Qxd6 8. Be3 Bg4 9. d5 Bxf3 10. Qxf3 Nb4 11. Bb5+ Kd8 12. 0-0 Nc2 13. Qg4 Nf6 14. Qa4 Nxe3 15. fxe3 a6 16. Nc3 Rc8 17. Be2 Qb6 18. Bg4 Nxg4 19. Qxg4 Qxe3+ 20. Kh1 f6 21. Rfe1 Qb6 22. d6 e5 23. d7 Rc6 24. Na4 Qd4 25. Re4 Qxd7 26. Rd1 Rd6 27. Rxd6 Bxd6 28. Qd1 Be7 29. Qb3 b5 30. Nc3 Qc6 31. Re1 Bc5 32. Qf7 Kc8 33. Qxg7 Rd8 34. Qxh7 Bb4 35. Qh3+ Kb7 36. Qe3 Rg8 37. Qf3 Qxf3 38. gxf3 Bxc3 39. bxc3 Kc6 40. Rg1 Rg5 41. Rxg5 fxg5 42. Kg2 Kd6 43. Kf2 Ke6 44. Ke2 Kf5 45. Ke3 Kf6 46. Kd3 Ke6 47. Ke4 Kf6 48. Kd3 Kf5 49. Ke3 a5 50. a3 Kf6 51. Kd3 Ke6 52. Ke4 1/2-1/2